[Event "TCh-CHN 2015"]
[Site "China CHN"]
[Date "2015.06.06"]
[Round "7.6"]
[Board "2"]
[White "Malakhov, Vladimir"]
[Black "Xu, Yinglun"]
[Result "1-0"]
[WhiteTitle "GM"]
[WhiteElo "2706"]
[BlackElo "2443"]
[WhiteTeam "Tianjing"]
[BlackTeam "Guangdong"]
[WhiteFideId "4120787"]
[BlackFideId "8604940"]
[EventDate "2015.04.10"]

1. g3 d5 2. Nf3 Nd7 3. d4 e6 4. Bg2 Ngf6 5. O-O c6 6. Nbd2 b6 7. c4 Be7 8. Qc2
Bb7 9. Rd1 O-O 10. e4 Qc8 11. e5 Ne8 12. cxd5 cxd5 13. Qb1 Qc6 14. Nf1 a5 15.
Bg5 Bxg5 16. Nxg5 g6 17. Ne3 Kg7 18. h4 h6 19. Nh3 h5 20. Nf4 Rh8 21. Bf1 Ba6
22. Bxa6 Rxa6 23. Rc1 Qb7 24. Qd3 Ra8 25. Rc3 Rc8 26. Rac1 Rxc3 27. Qxc3 Nb8 28.
Qc8 Qxc8 29. Rxc8 Na6 30. Rc6 Nec7 31. Rxb6 Rb8 32. Rxb8 Nxb8 33. a4 Nc6 34. Nc2
Kf8 35. Kf1 Ke7 36. Ke2 Na6 37. Kd3 Kd7 38. Kc3 Kc7 39. f3 Ne7 40. g4 hxg4 41.
fxg4 Kb6 42. h5 1-0

[Event "TCh-CHN 2015"]
[Site "China CHN"]
[Date "2015.06.06"]
[Round "7.6"]
[Board "3"]
[White "Ma, Qun"]
[Black "Li, Shilong"]
[Result "0-1"]
[WhiteTitle "GM"]
[BlackTitle "GM"]
[WhiteElo "2609"]
[BlackElo "2508"]
[WhiteTeam "Tianjing"]
[BlackTeam "Guangdong"]
[WhiteFideId "8603154"]
[BlackFideId "8600678"]
[EventDate "2015.04.10"]

1. e4 c5 2. Nf3 e6 3. d4 cxd4 4. Nxd4 a6 5. c4 Nf6 6. Nc3 Qc7 7. Bd3 Nc6 8. Nf3
Be7 9. h3 O-O 10. O-O d6 11. a3 b6 12. Be3 Bb7 13. Rc1 Nb8 14. b4 Nbd7 15. Qe2
Rac8 16. Rfd1 Qb8 17. Bf4 Rfd8 18. Qe3 Qa8 19. Be2 Ne8 20. Bg5 Bxg5 21. Nxg5 h6
22. Nf3 Qb8 23. Bf1 Qc7 24. Ne2 Nef6 25. Ng3 Kf8 26. Rd2 d5 27. exd5 exd5 28. c5
bxc5 29. bxc5 Nxc5 30. Rdc2 d4 31. Nxd4 Qd7 32. Ngf5 Nce4 33. Rxc8 Rxc8 34. Rb1
Rc3 35. Qf4 Qc7 36. Qxc7 Rxc7 37. Rb2 Ne8 38. Rb6 Nc5 39. g4 Nd7 40. Rb2 Nc5 41.
Kh2 Rd7 42. Rc2 Ne6 43. Nxe6+ fxe6 44. Ne3 Ke7 45. a4 Rd4 46. Nc4 Nd6 47. a5 Be4
48. Rc1 Rd5 49. Ra1 Nxc4 50. Bxc4 Rd2 51. Bxa6 Rxf2+ 52. Kg1 Rg2+ 53. Kf1 Rh2
54. Ra3 Kd6 55. Be2 Rh1+ 56. Kf2 Rh2+ 57. Ke1 Kc7 58. Bf1 Bd5 59. a6 Kb8 60. Rc3
g5 61. Be2 Ka7 62. Bf1 Kb8 63. Rd3 Rh1 64. Rd2 Bc4 65. Rf2 Bxa6 0-1

[Event "TCh-CHN 2015"]
[Site "China CHN"]
[Date "2015.06.06"]
[Round "7.6"]
[Board "5"]
[White "Liu, Manli CHN"]
[Black "Ni, Shiqun"]
[Result "0-1"]
[BlackTitle "WIM"]
[WhiteElo "2033"]
[BlackElo "2315"]
[WhiteTeam "Guangdong"]
[BlackTeam "Tianjing"]
[WhiteFideId "8608121"]
[BlackFideId "8608466"]
[EventDate "2015.04.10"]

1. e4 e5 2. Nf3 Nf6 3. Nxe5 d6 4. Nf3 Nxe4 5. d4 d5 6. Bd3 Be7 7. O-O Nc6 8. c4
Nb4 9. Be2 O-O 10. a3 Nc6 11. cxd5 Qxd5 12. Nc3 Nxc3 13. bxc3 Na5 14. Re1 Bd6
15. Rb1 a6 16. Qc2 Bf5 17. Bd3 Bxd3 18. Qxd3 Rfe8 19. Rd1 h6 20. h3 Re7 21. Bb2
Rae8 22. Nd2 b5 23. a4 Re2 24. axb5 axb5 25. Nf1 Qa2 26. Qxb5 c6 27. Qa6 Bc7 28.
Qa7 R8e7 29. Qc5 Nc4 30. Ra1 Qxb2 31. Ra8+ Kh7 32. Qxc4 Rxf2 33. Qd3+ g6 34. Rd2
Rxd2 35. Qxd2 Qb1 36. Qf2 Kg7 37. Ra2 Re6 38. Qc2 Qe1 39. Qd2 Qh4 40. Qf2 Qe7
41. Qd2 Re1 42. Qf2 h5 43. h4 Rb1 44. Re2 Qd6 45. Re1 Rb3 46. Re3 Rb1 47. Re1
Rxe1 48. Qxe1 c5 49. Qe4 cxd4 50. Qxd4+ Qxd4+ 51. cxd4 Bb6 52. Kf2 Bxd4+ 53. Kf3
Kf6 54. Nd2 Kf5 55. Ne4 Bf6 56. g3 Be7 57. Nf2 f6 58. Ne4 Bd8 59. Nf2 Ba5 60.
Nd3 Bb6 61. Nf4 Ba5 62. Nd3 g5 63. hxg5 fxg5 64. Nc5 Bb6 65. Nd3 g4+ 66. Kg2 Ke4
67. Nb4 Bc5 68. Nc6 Kd5 69. Nd8 Bb6 70. Nf7 Be3 71. Nd8 Bg5 72. Nf7 Bf6 0-1

[Event "TCh-CHN 2015"]
[Site "China CHN"]
[Date "2015.07.24"]
[Round "8.1"]
[Board "1"]
[White "Inarkiev, Ernesto"]
[Black "Xu, Yinglun"]
[Result "1/2-1/2"]
[WhiteTitle "GM"]
[WhiteElo "2706"]
[BlackElo "2443"]
[WhiteTeam "Qingdao"]
[BlackTeam "Guangdong"]
[WhiteFideId "4162722"]
[BlackFideId "8604940"]
[EventDate "2015.04.10"]

1. e4 c5 2. Nf3 d6 3. d4 cxd4 4. Nxd4 Nf6 5. Nc3 e6 6. g4 h6 7. h4 Nc6 8. Rg1 d5
9. exd5 Nxd5 10. Nxd5 exd5 11. Be3 Qxh4 12. Qf3 Nxd4 13. Bxd4 Qe7+ 14. Be2 Qe4
15. Qc3 Be6 16. Qd2 Bd6 17. f3 Qf4 18. Bxg7 Qxd2+ 19. Kxd2 Bf4+ 20. Kd3 Rg8 21.
Bd4 f5 22. Rae1 Kd7 23. Bd1 a6 24. Be5 Bxe5 25. Rxe5 fxg4 26. fxg4 Raf8 27. Rh5
Rf6 28. Rh4 Kd6 29. Rgh1 Kc7 30. c3 Rfg6 31. Rg1 h5 32. Rxh5 Bxg4 33. Bxg4 Rxg4
34. Rh7+ Kc6 35. Rf1 R8g7 36. Rf6+ Kc7 37. Rxg7+ Rxg7 38. a4 Rg4 39. a5 Rh4 40.
b4 Rg4 41. Ke3 Rc4 42. Kd3 Rg4 43. Rf7+ Kc6 44. Rh7 Rf4 45. Rh8 Kc7 46. Rh5 Kc6
47. Kc2 Rg4 48. Rh6+ Kc7 49. Kb3 Rf4 50. Rh7+ 1/2-1/2

[Event "TCh-CHN 2015"]
[Site "China CHN"]
[Date "2015.07.24"]
[Round "8.1"]
[Board "2"]
[White "Ma, Zhonghan"]
[Black "Li, Shilong"]
[Result "0-1"]
[WhiteTitle "IM"]
[BlackTitle "GM"]
[WhiteElo "2468"]
[BlackElo "2508"]
[WhiteTeam "Qingdao"]
[BlackTeam "Guangdong"]
[WhiteFideId "8607206"]
[BlackFideId "8600678"]
[EventDate "2015.04.10"]

1. d4 Nf6 2. c4 g6 3. Nc3 Bg7 4. Nf3 O-O 5. e4 d6 6. h3 e5 7. dxe5 dxe5 8. Qxd8
Rxd8 9. Bg5 Re8 10. Nd5 Nxd5 11. cxd5 c6 12. Bc4 cxd5 13. Bxd5 Nd7 14. Nd2 Nc5
15. Nc4 Be6 16. Nd6 Reb8 17. O-O Bf8 18. Nb5 Bxd5 19. exd5 a6 20. Nc3 f5 21.
Rad1 Bd6 22. f3 Kf7 23. Rfe1 b5 24. b3 Rc8 25. Ne2 Nd7 26. f4 e4 27. g4 Rc2 28.
Nd4 Be5 29. Kh1 Bxd4 30. Rxd4 Re8 31. gxf5 gxf5 32. Red1 h6 33. Bxh6 Rh8 34. Bg5
Rxh3+ 35. Kg1 Rg3+ 36. Kh1 0-1

[Event "TCh-CHN 2015"]
[Site "China CHN"]
[Date "2015.07.24"]
[Round "8.1"]
[Board "3"]
[White "Mu, Ke"]
[Black "Zeng, Chongsheng"]
[Result "0-1"]
[BlackTitle "GM"]
[WhiteElo "2392"]
[BlackElo "2541"]
[WhiteTeam "Qingdao"]
[BlackTeam "Guangdong"]
[WhiteFideId "8602778"]
[BlackFideId "8603847"]
[EventDate "2015.04.10"]

1. d4 Nf6 2. c4 e6 3. Nf3 c5 4. e3 b6 5. Nc3 g6 6. Be2 Bg7 7. O-O O-O 8. b3 Nc6
9. Bb2 Bb7 10. Rc1 d6 11. Ba1 Qe7 12. Qd2 Rfe8 13. Rfd1 Rad8 14. dxc5 bxc5 15.
Qb2 e5 16. Nd5 Nxd5 17. cxd5 Nb4 18. Bc4 a5 19. a3 Na6 20. e4 Bh6 21. Rb1 Ra8
22. Qe2 Nb8 23. Bc3 Nd7 24. Qe1 Nf6 25. Bd3 Qc7 26. Bd2 Bxd2 27. Nxd2 Ba6 28.
Bxa6 Rxa6 29. Rdc1 Rb8 30. Nc4 Nd7 31. h4 h5 32. Qe2 Ra7 33. Qd2 Nf6 34. f3 Rb5
35. Rb2 Rab7 36. Qc3 Nd7 37. Rcb1 Nb6 38. Kh2 Qd8 39. g3 a4 40. Qc2 axb3 41.
Rxb3 Nxc4 42. Qxc4 Rxb3 43. Rxb3 Ra7 44. Kg2 Kg7 45. Qc3 Ra4 46. Qb2 Qa5 47. Qc3
Qa6 48. Qe3 Rd4 49. Kf2 Qa4 50. Qc3 c4 51. Rb2 Rd3 52. Qb4 Qd1 53. Re2 Qh1 0-1

[Event "TCh-CHN 2015"]
[Site "China CHN"]
[Date "2015.07.24"]
[Round "8.1"]
[Board "4"]
[White "Liu, Manli CHN"]
[Black "Zhou, Guijue"]
[Result "1/2-1/2"]
[BlackTitle "WIM"]
[WhiteElo "2033"]
[BlackElo "2175"]
[WhiteTeam "Guangdong"]
[BlackTeam "Qingdao"]
[WhiteFideId "8608121"]
[BlackFideId "8602905"]
[EventDate "2015.04.10"]

1. e4 c5 2. Nf3 Nc6 3. d4 cxd4 4. Nxd4 Nf6 5. Nc3 g6 6. Be3 Bg7 7. Bc4 O-O 8.
Bb3 a5 9. f3 d5 10. Nxd5 Nxd5 11. exd5 Nb4 12. c4 a4 13. a3 axb3 14. axb4 Rxa1
15. Qxa1 e5 16. Ne2 Qh4+ 17. g3 Qxc4 18. Kf2 Qxd5 19. Rd1 Qe6 20. Qa5 Bd7 21.
Nc3 Bc6 22. b5 Bd7 23. Qc7 Bc8 24. Ne4 Qh3 25. Kg1 Qh5 26. Rf1 Bh3 27. g4 Bxg4
28. Ng3 Qh3 29. fxg4 Qxg4 30. Qxb7 Qc4 31. Qc6 Qxc6 32. bxc6 Rc8 33. Rc1 f5 34.
Bb6 e4 35. c7 Bxb2 36. Rb1 Be5 37. Rxb3 Bxc7 38. Bf2 Bd6 39. Rb6 Rc1+ 40. Kg2
Be7 41. Rb2 Kf7 42. Ne2 Rd1 43. h4 h6 44. Ra2 g5 45. hxg5 hxg5 46. Ng3 Rd5 47.
Re2 Bd6 48. Nxf5 Rxf5 49. Rxe4 Rd5 50. Rd4 Rxd4 1/2-1/2

[Event "TCh-CHN 2015"]
[Site "China CHN"]
[Date "2015.07.24"]
[Round "8.2"]
[Board "1"]
[White "Yu, Ruiyuan"]
[Black "Ma, Qun"]
[Result "1/2-1/2"]
[WhiteTitle "GM"]
[BlackTitle "GM"]
[WhiteElo "2571"]
[BlackElo "2609"]
[WhiteTeam "Jiangsu"]
[BlackTeam "Tianjing"]
[WhiteFideId "8603090"]
[BlackFideId "8603154"]
[EventDate "2015.04.10"]

1. e4 c5 2. Nf3 Nc6 3. d4 cxd4 4. Nxd4 g6 5. c4 Nf6 6. Nc3 Nxd4 7. Qxd4 d6 8. f3
Bg7 9. Be3 O-O 10. Qd2 Be6 11. Rc1 Qa5 12. Nd5 Qxd2+ 13. Kxd2 Bxd5 14. cxd5 Rac8
15. Rxc8 Rxc8 16. g3 Nd7 17. Bh3 Rc7 18. Rc1 Rxc1 19. Kxc1 Nc5 20. Kc2 a5 21. b3
Kf8 22. Bd2 b6 23. Be3 e6 24. dxe6 fxe6 25. a3 Ke7 26. b4 axb4 27. axb4 Na6 28.
Kb3 b5 29. Bf1 Nc7 30. Bb6 Kd7 31. Bxc7 Kxc7 32. Bxb5 Bd4 33. Kc4 Bg1 34. h3 Bh2
35. g4 h5 36. h4 Kd8 37. Ba4 Bg3 38. Kb5 Kc7 39. Bb3 hxg4 40. fxg4 Bxh4 41. Bxe6 1/2-1/2

[Event "TCh-CHN 2015"]
[Site "China CHN"]
[Date "2015.07.24"]
[Round "8.2"]
[Board "3"]
[White "Lin, Chen"]
[Black "Malakhov, Vladimir"]
[Result "1/2-1/2"]
[WhiteTitle "IM"]
[BlackTitle "GM"]
[WhiteElo "2448"]
[BlackElo "2706"]
[WhiteTeam "Jiangsu"]
[BlackTeam "Tianjing"]
[WhiteFideId "8602298"]
[BlackFideId "4120787"]
[EventDate "2015.04.10"]

1. e4 e5 2. Nf3 Nc6 3. Bb5 Nf6 4. O-O Nxe4 5. Re1 Nd6 6. Nxe5 Be7 7. Bf1 Nf5 8.
c3 Nxe5 9. Rxe5 d6 10. Re1 O-O 11. d4 d5 12. Bf4 Bd6 13. Bxd6 Nxd6 14. Bd3 c6
15. Nd2 Bf5 16. Bxf5 Nxf5 17. Qf3 Qg5 18. Re2 Rae8 19. Rae1 Nd6 20. Rxe8 Rxe8
21. Rxe8+ Nxe8 22. Nf1 Nd6 23. Qe3 Qxe3 24. Nxe3 f5 25. g3 g5 26. f3 Kf7 27. Kf2
Ke6 28. Ke2 f4 29. gxf4 gxf4 30. Ng4 Nf7 31. Nf2 Kf5 32. Nd3 Nd8 33. Nc5 b6 34.
Nd3 Nf7 35. Nb4 Nd8 36. Nd3 Ne6 37. Nb4 Nd8 38. Nd3 Ne6 39. Nb4 1/2-1/2

[Event "TCh-CHN 2015"]
[Site "China CHN"]
[Date "2015.07.24"]
[Round "8.2"]
[Board "4"]
[White "Ni, Shiqun"]
[Black "Guo, Qi"]
[Result "1/2-1/2"]
[WhiteTitle "WIM"]
[BlackTitle "IM"]
[WhiteElo "2315"]
[BlackElo "2443"]
[WhiteTeam "Tianjing"]
[BlackTeam "Jiangsu"]
[WhiteFideId "8608466"]
[BlackFideId "8604002"]
[EventDate "2015.04.10"]

1. e4 c6 2. d4 d5 3. Nd2 dxe4 4. Nxe4 Bf5 5. Ng3 Bg6 6. h4 h6 7. Nf3 e6 8. Ne5
Bh7 9. Bd3 Bxd3 10. Qxd3 Nd7 11. f4 Bb4+ 12. c3 Bd6 13. Ne4 Ndf6 14. Nxd6+ Qxd6
15. f5 exf5 16. Qxf5 Ne7 17. Qf3 O-O 18. Bf4 Qd5 19. O-O Qxf3 20. Rxf3 Nfd5 21.
Re1 Nxf4 22. Rxf4 Nd5 23. Rfe4 Rfe8 24. Kf2 Nf6 25. R4e2 h5 26. Kf3 Rad8 27. Nc4
Kf8 28. a4 Rxe2 29. Rxe2 Ne8 30. a5 Nd6 31. Ne5 f6 32. Nd3 Kf7 33. Nb4 Rc8 34.
a6 b6 35. Kf4 g6 36. g3 c5 37. dxc5 bxc5 38. Nd5 Nf5 39. b3 Rb8 40. Rb2 Nd6 41.
Re2 Nc8 42. b4 cxb4 43. Nxb4 Rb6 44. Rd2 Nd6 45. Rd5 Ke6 46. Rc5 Kd7 47. Kf3 Ne8
48. Rd5+ Ke6 49. Rc5 Kd7 50. Rd5+ Ke6 51. Rc5 Kd7 52. Rd5+ 1/2-1/2

[Event "TCh-CHN 2015"]
[Site "China CHN"]
[Date "2015.07.24"]
[Round "8.3"]
[Board "2"]
[White "Lu, Shanglei"]
[Black "Li, Di"]
[Result "1-0"]
[WhiteTitle "GM"]
[BlackTitle "FM"]
[WhiteElo "2570"]
[BlackElo "2277"]
[WhiteTeam "Zhejiang"]
[BlackTeam "Chengdu"]
[WhiteFideId "8603332"]
[BlackFideId "8607508"]
[EventDate "2015.04.10"]

1. e4 c5 2. Nf3 e6 3. g3 d6 4. Bg2 Nf6 5. Qe2 Be7 6. O-O O-O 7. d4 cxd4 8. Nxd4
Nc6 9. Nxc6 bxc6 10. c4 e5 11. Nc3 a5 12. Rd1 Qc7 13. b3 Nd7 14. f4 Nc5 15. f5
Qb6 16. Be3 Qb4 17. Qd2 Ba6 18. Rac1 Rab8 19. Qf2 Rfd8 20. h4 h6 21. Kh2 a4 22.
Bxc5 dxc5 23. Nxa4 Rxd1 24. Rxd1 Bxc4 25. Rd7 Kf8 26. Ra7 Bb5 27. f6 gxf6 28.
Qf5 Kg7 29. Rxe7 Bxa4 30. h5 Bxb3 31. axb3 1-0

[Event "TCh-CHN 2015"]
[Site "China CHN"]
[Date "2015.07.24"]
[Round "8.3"]
[Board "3"]
[White "Lan, Zilun"]
[Black "Liu, Guanchu"]
[Result "1/2-1/2"]
[BlackTitle "IM"]
[WhiteElo "2180"]
[BlackElo "2379"]
[WhiteTeam "Zhejiang"]
[BlackTeam "Chengdu"]
[WhiteFideId "8604193"]
[BlackFideId "8603901"]
[EventDate "2015.04.10"]

1. d4 f5 2. c4 Nf6 3. g3 e6 4. Bg2 Be7 5. Nf3 O-O 6. O-O d6 7. Nc3 a5 8. b3 Ne4
9. Bb2 Qe8 10. Nd2 Nxc3 11. Bxc3 Nd7 12. f4 e5 13. fxe5 dxe5 14. e4 exd4 15.
Bxd4 Bc5 16. Bxc5 Nxc5 17. Qf3 Bd7 18. exf5 Rxf5 19. Qc3 Rxf1+ 20. Rxf1 Bc6 21.
Bxc6 Qxc6 22. Qf3 Qe6 23. Qf5 Qxf5 24. Rxf5 b6 25. Rd5 Kf7 26. Nf3 Re8 27. Ne5+
Kf6 28. Nd7+ Nxd7 29. Rxd7 Re7 30. Rd2 g5 31. h3 1/2-1/2

[Event "TCh-CHN 2015"]
[Site "China CHN"]
[Date "2015.07.24"]
[Round "8.3"]
[Board "4"]
[White "Li, Yunshan"]
[Black "Qiu, Mengjie"]
[Result "0-1"]
[WhiteTitle "WFM"]
[BlackTitle "WFM"]
[WhiteElo "1916"]
[BlackElo "2122"]
[WhiteTeam "Chengdu"]
[BlackTeam "Zhejiang"]
[WhiteFideId "8607664"]
[BlackFideId "8606137"]
[EventDate "2015.04.10"]

1. d4 Nf6 2. c4 e6 3. g3 d5 4. Nf3 dxc4 5. Bg2 Nc6 6. Qa4 Bb4+ 7. Bd2 Nd5 8.
Bxb4 Nxb4 9. O-O Rb8 10. Nc3 a6 11. Ne5 O-O 12. Nxc6 Nxc6 13. Bxc6 bxc6 14. Qxc4
Rxb2 15. Rab1 Rb6 16. Na4 Rb5 17. Nc3 Rb6 18. Na4 Rb5 19. Nc5 h6 20. Nd3 Qd6 21.
Rfc1 f6 22. a4 Rb6 23. Nb4 Bb7 24. Qc5 Ba8 25. Rb2 e5 26. Qxd6 cxd6 27. dxe5
fxe5 28. Rcb1 Rfb8 29. Nd3 Rxb2 30. Rxb2 Rxb2 31. Nxb2 Kf7 32. Kf1 Ke6 33. Ke1
d5 34. Kd2 c5 35. Nd3 Kd6 36. f4 exf4 37. Nxf4 a5 38. Nd3 c4 39. Nb2 Kc5 40. Kc3
d4+ 41. Kc2 Be4+ 42. Kc1 Kb4 43. Nd1 Kxa4 44. e3 Kb3 45. exd4 c3 46. Nf2 Bd5 47.
Nd3 Kc4 48. Nc5 Kxd4 49. Na4 Bb3 50. Nb6 a4 0-1

[Event "TCh-CHN 2015"]
[Site "China CHN"]
[Date "2015.07.24"]
[Round "8.3"]
[Board "5"]
[White "Ren, Xiaoyi"]
[Black "Ding, Yixin"]
[Result "1/2-1/2"]
[BlackTitle "WGM"]
[WhiteElo "2211"]
[BlackElo "2434"]
[WhiteTeam "Chengdu"]
[BlackTeam "Zhejiang"]
[WhiteFideId "8608709"]
[BlackFideId "8602972"]
[EventDate "2015.04.10"]

1. d4 Nf6 2. Nf3 g6 3. c4 Bg7 4. g3 c6 5. Bg2 d5 6. cxd5 cxd5 7. Nc3 O-O 8. Ne5
Nc6 9. Nxc6 bxc6 10. O-O Rb8 11. Na4 Nd7 12. Be3 Ba6 13. Rc1 Qa5 14. b3 Rbc8 15.
Re1 Rfd8 16. Bh3 e6 17. Bd2 Qb5 18. Bg5 Re8 19. Qd2 c5 20. Nxc5 Nxc5 21. dxc5
Rxc5 22. a4 Qb6 23. Rxc5 Qxc5 24. b4 Qd6 25. b5 Bb7 26. Rc1 d4 27. Bg2 Bxg2 28.
Kxg2 e5 29. e4 Qa3 30. Qc2 h6 31. Bd2 Bf8 32. Qc6 Re6 33. Qa8 Rf6 34. Kg1 Kg7
35. Qd8 Qf3 36. Rf1 g5 37. Qd5 Bd6 38. a5 Qe2 39. Be1 h5 40. h3 h4 41. g4 Qf3
42. b6 axb6 43. a6 Bb8 44. a7 Bxa7 45. Qxe5 Qf4 46. Qxf4 Rxf4 47. f3 Rf6 48. Bd2
Kg6 49. Kf2 Rc6 50. Ke2 Bb8 51. Kd3 Be5 52. Rb1 f6 53. Rb5 Re6 54. Bc1 Kf7 55.
Bb2 Rd6 56. Ba3 Re6 57. Rd5 Re8 58. Rd7+ Kg6 59. Rb7 Ra8 60. Bb4 b5 61. Rxb5 Ra2
62. Bd2 Ra3+ 63. Kc4 Rxf3 64. Rb3 Rf2 65. Bb4 Rc2+ 66. Kd5 Rc7 67. Ra3 Kf7 68.
Bc5 Rb7 69. Rd3 Rd7+ 70. Kc4 Ke6 71. Ra3 Re7 72. Ra6+ Kf7 73. Ra7 Rxa7 74. Bxa7
Ke6 75. Bxd4 Bf4 1/2-1/2

[Event "TCh-CHN 2015"]
[Site "China CHN"]
[Date "2015.07.24"]
[Round "8.4"]
[Board "1"]
[White "Lysyj, Igor"]
[Black "Wan, Yunguo"]
[Result "1-0"]
[WhiteTitle "GM"]
[BlackTitle "IM"]
[WhiteElo "2691"]
[BlackElo "2477"]
[WhiteTeam "Hangzhou"]
[BlackTeam "Heibei"]
[WhiteFideId "4150120"]
[BlackFideId "8603189"]
[EventDate "2015.04.10"]

1. d4 Nf6 2. c4 g6 3. Nc3 Bg7 4. e4 d6 5. Nf3 O-O 6. Be2 e5 7. O-O Nc6 8. d5 Ne7
9. Ne1 Nd7 10. Be3 f5 11. f3 f4 12. Bf2 g5 13. Nd3 Nf6 14. c5 Ng6 15. Rc1 Rf7
16. Kh1 Bf8 17. Rg1 h5 18. g3 g4 19. gxf4 exf4 20. cxd6 cxd6 21. Nb5 h4 22. Nd4
g3 23. Ne6 Bxe6 24. dxe6 Rg7 25. Bd4 Qe7 26. Qb3 Kh8 27. Bf1 Nh7 28. Bh3 Ng5 29.
Bg4 Re8 30. h3 Kh7 31. Bxg7 Bxg7 32. Rgd1 Qf6 33. Qxb7 Nxe6 34. Qd7 Nc5 35. Rxc5 1-0

[Event "TCh-CHN 2015"]
[Site "China CHN"]
[Date "2015.07.24"]
[Round "8.4"]
[Board "2"]
[White "Bai, Jinshi"]
[Black "Wang, Rui"]
[Result "1/2-1/2"]
[WhiteTitle "IM"]
[BlackTitle "GM"]
[WhiteElo "2518"]
[BlackElo "2403"]
[WhiteTeam "Hangzhou"]
[BlackTeam "Heibei"]
[WhiteFideId "8602280"]
[BlackFideId "8601003"]
[EventDate "2015.04.10"]

1. d4 d5 2. c4 c6 3. Nf3 Nf6 4. Nc3 a6 5. a4 e6 6. g3 Bb4 7. Bg2 Nbd7 8. O-O O-O
9. Qc2 b6 10. b3 Bb7 11. Bb2 Rc8 12. Rfd1 Qc7 13. Rac1 Qb8 14. Qb1 Rfd8 15. Ne1
Be7 16. cxd5 cxd5 17. Nd3 Ne4 18. e3 Nxc3 19. Bxc3 a5 20. b4 Qa8 21. b5 Rc7 22.
Qb3 Rdc8 23. Bb2 Qb8 24. Rxc7 Rxc7 25. Rc1 Qc8 26. Rxc7 Qxc7 27. Ba3 Bxa3 28.
Qxa3 Nf6 29. Qc1 Qe7 30. h4 Ne8 1/2-1/2

[Event "TCh-CHN 2015"]
[Site "China CHN"]
[Date "2015.07.24"]
[Round "8.4"]
[Board "3"]
[White "Gao, Rui"]
[Black "Zhang, Ziji"]
[Result "1-0"]
[WhiteTitle "GM"]
[WhiteElo "2533"]
[BlackElo "2223"]
[WhiteTeam "Hangzhou"]
[BlackTeam "Heibei"]
[WhiteFideId "8602387"]
[BlackFideId "8609470"]
[EventDate "2015.04.10"]

1. e4 e5 2. Nf3 Nc6 3. Bc4 Bc5 4. b4 Bxb4 5. c3 Ba5 6. d4 exd4 7. Qb3 Qf6 8. O-O
Bb6 9. e5 Qg6 10. cxd4 Na5 11. Qc3 Nxc4 12. Qxc4 Ne7 13. Ba3 d6 14. exd6 cxd6
15. Re1 Be6 16. d5 Bh3 17. Rxe7+ Kxe7 18. Qh4+ Qf6 19. Qxf6+ Kxf6 20. gxh3 Rac8
21. Nbd2 Rhe8 22. Bxd6 Rcd8 23. Nc4 Re4 24. Be5+ Kg6 25. Nxb6 axb6 26. d6 Kf5
27. Bg3 Rd7 28. Rb1 h6 29. Rxb6 Ke6 30. Rb5 f5 31. Be5 Ra4 32. Nd4+ 1-0

[Event "TCh-CHN 2015"]
[Site "China CHN"]
[Date "2015.07.24"]
[Round "8.4"]
[Board "4"]
[White "Zhai, Mo"]
[Black "Lei, Tingjie"]
[Result "1-0"]
[WhiteTitle "WIM"]
[BlackTitle "WGM"]
[WhiteElo "2324"]
[BlackElo "2444"]
[WhiteTeam "Heibei"]
[BlackTeam "Hangzhou"]
[WhiteFideId "8600201"]
[BlackFideId "8605114"]
[EventDate "2015.04.10"]

1. c4 g6 2. Nc3 c5 3. Nf3 Bg7 4. e3 Nf6 5. d4 cxd4 6. exd4 d5 7. cxd5 Nxd5 8.
Qb3 Nb6 9. Bb5+ Bd7 10. Bf4 O-O 11. Bxd7 Qxd7 12. Rd1 Nc6 13. O-O Qg4 14. Be3
Rfd8 15. d5 Na5 16. Qb5 Nac4 17. Bd4 Bf8 18. Rfe1 Rac8 19. Ne5 Nxe5 20. Bxe5 Nc4
21. Bd4 b6 22. h3 Qf4 23. b3 Nd6 24. Qa6 Nf5 25. Be5 Qh4 26. Qxa7 f6 27. Bc7 Rd7
28. Nb5 Qb4 29. a4 Qxb3 30. Qb7 Nd6 31. Qc6 Qxa4 32. Qxd7 Qxb5 33. Qe6+ 1-0

[Event "TCh-CHN 2015"]
[Site "China CHN"]
[Date "2015.07.24"]
[Round "8.4"]
[Board "5"]
[White "Wang, Doudou"]
[Black "Gu, Tianlu"]
[Result "1-0"]
[WhiteTitle "WIM"]
[BlackTitle "WIM"]
[WhiteElo "2205"]
[BlackElo "2182"]
[WhiteTeam "Heibei"]
[BlackTeam "Hangzhou"]
[WhiteFideId "8603197"]
[BlackFideId "8603995"]
[EventDate "2015.04.10"]

1. d4 f5 2. Bg5 h6 3. Bh4 g5 4. e3 Nf6 5. Bg3 d6 6. h4 Rg8 7. hxg5 hxg5 8. Bd3
e6 9. c4 Qe7 10. Nc3 Nc6 11. Qc2 f4 12. exf4 Nxd4 13. Qd1 gxf4 14. Bh4 Qg7 15.
Bxf6 Qxf6 16. Ne4 Qf7 17. Rh7 Rg7 18. Ng5 Qf6 19. Qh5+ Kd8 20. Rh8 Rxg5 21.
Rxf8+ Qxf8 22. Qxg5+ Qe7 23. Qg8+ Kd7 24. Ne2 Nxe2 25. Kxe2 b6 26. Rh1 Bb7 27.
Qg6 Qe8 28. Rh7+ Kc6 29. Be4+ d5 30. Bxd5+ Kc5 31. Qxe8 Rxe8 32. Bxb7 Kxc4 33.
Rxc7+ Kd4 34. Kf3 e5 35. b3 a5 36. a4 Rf8 37. Be4 Rh8 38. Rc4# 1-0

[Event "TCh-CHN 2015"]
[Site "China CHN"]
[Date "2015.07.24"]
[Round "8.5"]
[Board "1"]
[White "Liu, Qingnan"]
[Black "Wang, Chen"]
[Result "1-0"]
[WhiteTitle "IM"]
[BlackTitle "IM"]
[WhiteElo "2510"]
[BlackElo "2500"]
[WhiteTeam "Shandong"]
[BlackTeam "Chongqing"]
[WhiteFideId "8603294"]
[BlackFideId "8601020"]
[EventDate "2015.04.10"]

1. e4 c5 2. Nf3 e6 3. d4 cxd4 4. Nxd4 Nc6 5. Nc3 Qc7 6. Ndb5 Qb8 7. Be3 a6 8.
Bb6 axb5 9. Nxb5 Bb4+ 10. c3 Ba5 11. Nc7+ Qxc7 12. Bxc7 Bxc7 13. Qg4 Kf8 14. f4
Nf6 15. Qf3 d5 16. e5 Ne4 17. Bd3 Nc5 18. Bc2 b5 19. Qf2 Nd7 20. Bd3 Bb6 21. Qe2
b4 22. Bb5 Na5 23. Qc2 Bc5 24. cxb4 Bxb4+ 25. Ke2 Nc4 26. a3 Be7 27. b3 Ncb6 28.
a4 Rb8 29. Rhc1 g5 30. a5 Kg7 31. axb6 Rxb6 32. Bxd7 Bxd7 33. Qc7 Bb5+ 34. Kf2
Bd8 35. Qa7 Bd3 36. Qa4 Rb7 37. fxg5 Be7 38. Qd4 Bg6 39. Ra7 Rb4 40. Qd2 Bd8 41.
Kg1 Rxb3 42. Qf2 Bf5 43. g4 1-0

[Event "TCh-CHN 2015"]
[Site "China CHN"]
[Date "2015.07.24"]
[Round "8.5"]
[Board "2"]
[White "Wen, Yang"]
[Black "Zhou, Weiqi"]
[Result "1/2-1/2"]
[WhiteTitle "GM"]
[BlackTitle "GM"]
[WhiteElo "2573"]
[BlackElo "2627"]
[WhiteTeam "Shandong"]
[BlackTeam "Chongqing"]
[WhiteFideId "8602956"]
[BlackFideId "8601674"]
[EventDate "2015.04.10"]

1. d4 d5 2. c4 dxc4 3. Nf3 a6 4. a4 Nc6 5. e3 e5 6. Bxc4 e4 7. Nfd2 Qg5 8. Nxe4
Qxg2 9. Ng3 Nf6 10. Bf1 Qd5 11. Nc3 Bb4 12. Bd2 Qa5 13. Bg2 Be6 14. O-O O-O-O
15. Qe2 h5 16. Rfc1 h4 17. Nge4 h3 18. Bf3 Rh4 19. Be1 Bg4 20. Nxf6 Bxf3 21.
Qxf3 gxf6 22. Ne2 Bxe1 23. Rxe1 Nb4 24. Rec1 Qh5 25. Qxh5 Rxh5 26. Ng3 Rg5 27.
Kf1 f5 28. f4 Rg6 29. Ke2 Nd5 30. Kf3 Rh6 31. Rc2 Ne7 32. Ra3 1/2-1/2